Szczegóły MARC21

Prawda podstawą wspólnoty : wychowawcza rola prawdy według Karola Wojtyły /

003 -Nazwa inst., której nr kontr. jest w polu 001 [,]
    • @
    • Nazwa instytucji, której n kontrolny jest w polu 001
    • NUKAT
005 -DATA I CZAS OSTATNIEJ MODYFIKACJI [,]
    • @
    • pole kontrolne
    • 20241231101016.0
020 -Międzynarod. znormalizowany nr książki - ISBN [ , ]
    • a
    • Numer ISBN
    • 8372012393 Find
    • q
    • Dopowiedzenie
    • Wydaw. Salezjańskie
020 -Międzynarod. znormalizowany nr książki - ISBN [ , ]
    • a
    • Numer ISBN
    • 837072356X Find
    • q
    • Dopowiedzenie
    • Wydaw. UKSW
040 -Instytucja sporządzająca opis [ , ]
    • a
    • Instytucja, która sporządziła opis (NP)
    • WA N/PBmkr
    • c
    • Instytucja, która sporządziła rekord (NP)
    • WA N/PBmkr
    • d
    • Instytucja, która zmodyfikowała rekord (P)
    • WA N/PBan
    • d
    • Instytucja, która zmodyfikowała rekord (P)
    • WA U/EBs
    • d
    • Instytucja, która zmodyfikowała rekord (P)
    • WA N/PBiks
    • d
    • Instytucja, która zmodyfikowała rekord (P)
    • WR 194/JWs
942 -Rodzaj dokumentu [ , ]
    • c
    • Rodzaj dokumentu
    • Książka
100 -Hasło główne - nazwa osobowa [1, ]
    • a
    • Nazwa osobowa (NP)
    • Starnawski, Witold.
    • 9
    • KHW
    • 714945
245 -Strefa tytułu i oznaczenia odpowiedzialności [1,0]
    • a
    • Tytuł
    • Prawda podstawą wspólnoty : Find
    • b
    • Ciąg dalszy tytułu (NP)
    • wychowawcza rola prawdy według Karola Wojtyły / Find
    • c
    • Pozostałe elementy strefy tytułu i oznaczenia odpowiedzialności (NP)
    • Witold Starnawski ; [Uniwersytet Kardynała Stefana Wyszyńskiego. Wydział Nauk Humanistycznych].
260 -Strefa adresu wydawniczego [ , ]
    • a
    • Miejsce wydania (P)
    • Warszawa :
    • b
    • Nazwa wydawcy (P)
    • Wydawnictwo Salezjańskie :
    • b
    • Nazwa wydawcy (P)
    • Wydawnictwo Uniwersytetu Kardynała Stefana Wyszyńskiego,
    • c
    • Data wydania (P)
    • cop. 2005.
300 -Strefa opisu fizycznego [ , ]
    • a
    • Określenie formy książki i/lub objętość (NP)
    • 254, [1] s. ;
    • c
    • Format (NP)
    • 21 cm.
336 -Typ zawartości [ , ]
    • a
    • Termin opisujący typ zawartości
    • Tekst
    • b
    • Kod określający zawartość
    • txt
    • 2
    • Źródło (terminu i kodu)
    • rdacontent
337 -Typ mediów [ , ]
    • a
    • Tryb odtwarzania
    • Bez urządzenia pośredniczącego
    • b
    • Kod typu mediów
    • n
    • 2
    • Źródło (terminu i kodu)
    • rdamedia
338 -Typ/rodzaj nośnika [ , ]
    • a
    • Hasło opisujące typ nośnika
    • Wolumin
    • b
    • Kod typu nośnika
    • nc
    • 2
    • Źródło (terminu i kodu)
    • rdacarrier
490 -Strefa serii i książki wielotomowej - forma nie do wyszukiwania [1, ]
    • a
    • Tytuł (P)
    • Educatio Find
830 -Hasło dodatkowe serii i opisu książki wielotomowej - tytuł ujednolicony/tytuł [ ,0]
    • a
    • Tytuł ujednolicony/tytuł (NP)
    • Educatio
    • 9
    • KHW
    • 88279
504 -Uwaga dot. bibliogr. załącznikowej [ , ]
    • a
    • Uwaga dot. bibliografii załącznikowej
    • Bibliogr. s. 227-[255].
080 -Uniwersalna Klasyfikacja Dziesiętna [ , ]
    • a
    • Symbol klasyfikacji
    • 159.923
    • 9
    • UKD
    • 2425
    • 2
    • Identyfikator wydania tablic
    • UDC-P058
    • b
    • Dopowiedzenie
    • Osobowość. Psychologia indywidualna. Cechy charakteru. Temperamenty i ich typologia. Kształtowanie osobowości. Samowiedza. Samopoznanie. Samorealizacja. Samoakceptacja.
080 -Uniwersalna Klasyfikacja Dziesiętna [ , ]
    • a
    • Symbol klasyfikacji
    • :37.018.1
080 -Uniwersalna Klasyfikacja Dziesiętna [ , ]
    • a
    • Symbol klasyfikacji
    • :37.018.2
080 -Uniwersalna Klasyfikacja Dziesiętna [ , ]
    • a
    • Symbol klasyfikacji
    • :17
080 -Uniwersalna Klasyfikacja Dziesiętna [ , ]
    • a
    • Symbol klasyfikacji
    • :28
600 -Hasło przedmiotowe w formie nazwy osobowej [0,7]
    • a
    • Nazwa osobowa
    • Jan Paweł
    • b
    • Numeracja zwiazana z nazwą
    • II
    • c
    • Dopowiedzenie
    • (papież ;
    • d
    • Daty związane z nazwą
    • 1920-2005)
    • x
    • Określnik rzeczowy
    • wkład do antropologii filozoficznej.
    • 2
    • Źródło terminu
    • kaba
    • 9
    • KHW
    • 359228
600 -Hasło przedmiotowe w formie nazwy osobowej [0,7]
    • a
    • Nazwa osobowa
    • Jan Paweł
    • b
    • Numeracja zwiazana z nazwą
    • II
    • c
    • Dopowiedzenie
    • (papież ;
    • d
    • Daty związane z nazwą
    • 1920-2005)
    • 2
    • Źródło terminu
    • DBN
    • 9
    • KHW
    • 730883
650 -Hasło przedmiotowe [ ,7]
    • a
    • Hasło przedmiotowe
    • Antropologia filozoficzna
    • y
    • Określnik chronologiczny
    • 20 w.
    • 2
    • Źródło terminu
    • kaba
    • 9
    • KHW
    • 365049
650 -Hasło przedmiotowe [ ,7]
    • a
    • Hasło przedmiotowe
    • Osoba (filozofia)
    • y
    • Określnik chronologiczny
    • 20 w.
    • 2
    • Źródło terminu
    • kaba
    • 9
    • KHW
    • 524879
650 -Hasło przedmiotowe [ ,7]
    • a
    • Hasło przedmiotowe
    • Personalizm.
    • 2
    • Źródło terminu
    • kaba
    • 9
    • KHW
    • 123503
650 -Hasło przedmiotowe [ ,7]
    • a
    • Hasło przedmiotowe
    • Teologia katolicka
    • 2
    • Źródło terminu
    • DBN
    • 9
    • KHW
    • 724303
650 -Hasło przedmiotowe [ ,7]
    • a
    • Hasło przedmiotowe
    • Wychowanie
    • 2
    • Źródło terminu
    • DBN
    • 9
    • KHW
    • 722822
650 -Hasło przedmiotowe [ ,7]
    • a
    • Hasło przedmiotowe
    • Antropologia społeczna
    • 2
    • Źródło terminu
    • DBN
    • 9
    • KHW
    • 721630
650 -Hasło przedmiotowe [ ,7]
    • a
    • Hasło przedmiotowe
    • Katolicyzm
    • 2
    • Źródło terminu
    • DBN
    • 9
    • KHW
    • 722710
650 -Hasło przedmiotowe [ ,7]
    • a
    • Hasło przedmiotowe
    • Personalizm
    • 2
    • Źródło terminu
    • DBN
    • 9
    • KHW
    • 744419
658 -Ujęcie treści [ , ]
    • a
    • dziedzina nauki i sztuki/ sfera aktywności życiowej
    • Historia
658 -Ujęcie treści [ , ]
    • a
    • dziedzina nauki i sztuki/ sfera aktywności życiowej
    • Religia i duchowość
658 -Ujęcie treści [ , ]
    • a
    • dziedzina nauki i sztuki/ sfera aktywności życiowej
    • Filozofia i etyka
980 -Symbol UKD [ , ]
    • a
    • UKD
    • 159.923:37.018.1:37.018.2:17:28
710 -Hasło dodatkowe - nazwa ciała zbiorowego [2, ]
    • a
    • Nazwa ciała zbiorowego lub nazwa geograficzna jako pierwszy element (NP)
    • Uniwersytet Kardynała Stefana Wyszyńskiego (Warszawa).
    • b
    • Nazwa jednostki podrzędnej (P)
    • Wydawnictwo.
    • 4
    • Kod relacji
    • pbl
    • 9
    • KHW
    • 55040
920 -ISBN [ , ]
    • a
    • ISBN
    • 83-7201-239-3 Find
    • q
    • Dopowiedzenie
    • Wydaw. Salezjańskie
920 -ISBN [ , ]
    • a
    • ISBN
    • 83-7072-356-X Find
    • q
    • Dopowiedzenie
    • Wydaw. UKSW
Numer inwentarzowy Status udost. Lokalizacja Data inwentaryzacji
Pd.176491BG2006-01-30